=LDR 00000nam 2200000 4500 =001 INLIS000000000048224 =005 20200826124738 =035 ##$$a 0010-091600000000041 =008 200826################g##########0#ind## =082 ##$$a 2x9.21 =090 ##$$a 2x9.21 Aqq k =245 1#$$a Keagungan Abu Bakar Ash-Siddiq /$c Dr. Abbas Mhmud Aqqad =260 ##$$a Jakarta :$b Pustaka Mantik,$c 1990 =300 ##$$a 198 hlm ; $c 18 x 13 cm. =084 ##$$a 2x9.21 AQQ k =100 #$$a Aqqad, Abbas Mhmud =250 ##$$a cet. 1 =650 #4$$a Sejarah Islam - Abu Bakar ash-Shiddiq =990 ##$$a 61.540/pro-93 =990 ##$$a 61.542/pro-93